| 000 | 00501nam a22001937a 4500 | ||
|---|---|---|---|
| 003 | MPLRDC | ||
| 005 | 20220104185904.0 | ||
| 008 | 210129b ||||| |||| 00| 0 eng d | ||
| 020 | _a962-14-4143-0 | ||
| 082 | _a415.588 LBS | ||
| 100 | _a刘汴生、梁勋厂、尚桂莲 编著 | ||
| 245 |
_a痛症与关节炎 _c |
||
| 250 | _a初版一刷 | ||
| 260 |
_a香港 _b万里机构。得利书局 _c2010 |
||
| 300 | _b平 | ||
| 490 | _a健康6+1 | ||
| 650 | _a痛风症 | ||
| 942 |
_cBK _o415.588 LBS |
||
| 999 |
_c63530 _d63520 |
||